| 000 | 00964nam a2200205 i 4500 | ||
|---|---|---|---|
| 001 | 153838 | ||
| 003 | ES-MaACL | ||
| 005 | 20230906205414.0 | ||
| 008 | 960903s1812 sp |||| | spa d | ||
| 110 | 1 |
_aEspaña. _bCortes Generales. _bComisión de Constitución. _9147076 |
|
| 245 | 1 | 0 |
_aInforme sobre el Tribunal de la Inquisición, con el proyecto de decreto acerca de los tribunales protectores de la religión / _cpresentado a las Cortes Generales y Extraordinarias por la Comisión de Constitución... |
| 260 |
_aCádiz : _b[s.n.], _c1812 ( _fImp. Tormentaria, al cargo de D. Juan Domingo Villegas) |
||
| 300 |
_a96 p. ; _c20 cm. |
||
| 530 | _aDisponible en formato digital. | ||
| 597 | _aApostillas marginales. | ||
| 597 | _aSignaturizado. | ||
| 650 | 4 |
_aTribunales eclesiásticos. _9136955 |
|
| 852 |
_aES-MaACL _jR-3098(1) _xOlim:D-621 _z- Enc. hol. |
||
| 856 |
_uhttp://bdh-rd.bne.es/viewer.vm?id=0000109894&page=1 _zBiblioteca Digital Hispánica |
||
| 999 |
_c153838 _d153838 |
||